[Event "Novokuznetsk SFO-ch U15"]
[Site "Novokuznetsk"]
[Date "2014.11.06"]
[Round "5"]
[White "Sultanov, Mirgurban"]
[Black "Filyanin, Yury"]
[Result "1-0"]
[WhiteElo "1756"]
[BlackElo "800"]
[PlyCount "49"]
[EventDate "2014.11.02"]
[EventType "swiss"]
[EventRounds "9"]
[EventCountry "RUS"]
[SourceTitle "CBM 163 Extra"]
[Source "ChessBase"]
[SourceDate "2014.12.23"]
[SourceVersion "1"]
[SourceVersionDate "2014.12.23"]
[SourceQuality "1"]

1. d4 Nf6 2. Nf3 e6 3. c4 d5 4. g3 Bb4+ 5. Bd2 Bxd2+ 6. Qxd2 Nbd7 7. Bg2 0-0 8. 0-0 Ne4 9. Qc2 Nb6 10. cxd5 exd5 11. Nbd2 Nxd2 12. Nxd2 c6 13. Rac1 Qf6 14. e3 Bf5 15. Qb3 Rfe8 16. a4 Re7 17. a5 Nc8 18. Qc3 a6 19. Nb3 Nd6 20. Nc5 Qh6 21. Qb4 Nb5 22. Nxa6 Rxe3 23. fxe3 Qxe3+ 24. Kh1 Rxa6 25. Rce1 1-0